Agricultural price policy in India: An econometric approach with special reference to wheat (Record no. 39936)

MARC details
000 -LEADER
fixed length control field 00368nam a2200121Ia 4500
082 ## - DEWEY DECIMAL CLASSIFICATION NUMBER
Classification number 338.53:63(540)
Item number ASH
100 ## - MAIN ENTRY--AUTHOR NAME
Personal name ASHOK GULATI
245 #0 - TITLE STATEMENT
Title Agricultural price policy in India: An econometric approach with special reference to wheat
260 ## - PUBLICATION, DISTRIBUTION, ETC. (IMPRINT)
Place of publication New Delhi
Year of publication 1987
650 ## - SUBJECT ADDED ENTRY--TOPICAL TERM
Topical Term Agricultural prices
942 ## - ADDED ENTRY ELEMENTS (KOHA)
Koha item type Books
Holdings
Withdrawn status Lost status Damaged status Not for loan Home library Current library Date acquired Full call number Accession Number Koha item type
        RRII Library RRII Library 16/12/2021 338.53:63(540) ASH 20254 Books